000 01537nam a2200385 i 4500
001 bg
111 2 _aIEEE International Conference on Methods and Models in Automation and Robotics
_n(10 ;
_d2004 ;
_cMiędzyzdroje).
245 1 0 _a10th IEEE International Conference on Methods and Models in Automation and Robotics
_h[Dokument elektroniczny] :
_bMiędzyzdroje, Poland, August 30 - September 2, 2004 /
_c[charmain Zbigniew Emirsajłow ; organizer Institute of Control Engineering, Technical University of Szczecin].
246 3 1 _aMethods and models in automation and robotics
246 3 3 _aMMAR 2004
260 _aSzczecin :
_bWydawnictwo Uczelniane Politechniki Szczecińskiej,
_c2004.
300 _a1 dysk optyczny (CD-ROM) :
_bkolor. ;
_c12 cm
500 _aTytuł z ekranu tyt.
500 _aAbstrakty dostępne również w wersji drukowanej.
504 _aBibliogr. przy ref. Indeks.
650 4 _aAutomatyka
650 4 _aSterowanie
_xmodele matematyczne
650 4 _aRoboty i manipulatory
_xmodele matematyczne
650 4 _aMateriały konferencyjne
650 4 _aCD ROM
700 1 _aEmirsajłow, Zbigniew.
_eRed.
710 2 _aPolitechnika Szczecińska, Instytut Automatyki Przemysłowej (Szczecin).
020 _a88764144 (CD)
040 _cBPK
041 0 _aeng
044 _aPOL
080 _a681.5
080 _a62-52
080 _a007.5
080 _a(06)
080 _a(0.034.44)
920 _a83-88764-14-4 (CD)
_z88764-14-4 (CD)
942 _cCD
008 110315s2004 pl a |000 0 pol
999 _c41196
_d41196
856 _uhttp://koha.tu.koszalin.pl/cgi-bin/koha/opac-detail.pl?biblionumber=41196
_yKatalog online BPK